000 01620cam a2200361 i 4500
001 ocn810039779
003 EG-ScBUE
005 20241112140108.0
008 120914t2014 nyua f d 001 0 eng d
020 _a9781259060601
020 _a1259060608
040 _aDLC
_erda
_beng
_cDLC
_dPHADU
_dOCLCF
_dYDXCP
_dCDX
_dOVV
_dEG-ScBUE
082 0 4 _a519.5
_222
_bJAG
100 1 _aJaggia, Sanjiv,
_d1960-
_eauthor.
245 1 0 _aEssentials of business statistics :
_bcommunicating with numbers /
_cSanjiv Jaggia, California Polytechnic State University, Alison Kelly, Suffolk University.
250 _aInternational student edition.
264 1 _aNew York :
_bMcGraw-Hill / Irwin,
_c[2014]
264 4 _cc2014
300 _axxix, 514 pages :
_bcolor illustrations ;
_c29 cm
336 _2rdacontent
_atext
_btxt
337 _aunmediated
_2rdamedia
_bn
338 _avolume
_bnc
_2rdacarrier
500 _aIncludes index.
500 _aIncludes glossary.
500 _aIncludes appendix.
505 0 _aStatistics and data -- Tabular and graphical methods -- Numerical descriptive measures -- Introduction to probability -- Discrete probability distributions -- Continuous probability distributions -- Sampling and sampling distributions -- Interval estimation -- Hypothesis Testing -- Comparisons involving means -- Comparisons involving proportions -- Basics of regression analysis -- More on regression analysis.
650 7 _aCommercial statistics.
_2BUEsh
_9802
651 _2BUEsh
653 _bBUSADM
_cOctober2016
655 _vReading book
700 1 _aHawke, Alison Kelly,
_eauthor.
942 _2ddc
_cBB
999 _c22954
_d22926